[Event "Lueneburg op-A"]
[Site "Lueneburg"]
[Date "2019.08.08"]
[Round "6"]
[White "Chennaoui, Yasin"]
[Black "Probst, Alexander"]
[Result "1-0"]
[WhiteElo "2092"]
[BlackElo "1969"]
[PlyCount "83"]
[EventDate "2019.08.03"]
[EventType "swiss"]
[EventRounds "9"]
[EventCountry "GER"]
[SourceTitle "CBM 191 Extra"]
[Source "ChessBase"]
[SourceDate "2019.09.30"]
[SourceVersion "1"]
[SourceVersionDate "2019.09.30"]
[SourceQuality "1"]

1. g3 d5 2. Nf3 c5 3. Bg2 Nc6 4. c4 d4 5. e3 Nf6 6. exd4 Nxd4 7. d3 g6 8. Nxd4 cxd4 9. 0-0 Bg7 10. b4 0-0 11. Nd2 Bf5 12. Nf3 Qd7 13. Bb2 Bg4 14. Ne5 Bxd1 15. Nxd7 Nxd7 16. Rfxd1 Rab8 17. a4 e5 18. a5 f5 19. Ba3 Rfe8 20. Bd5+ Kh8 21. c5 Nf6 22. Bf7 Re7 23. Bc4 Bf8 24. Rac1 Rd7 25. f4 Ng4 26. h3 Ne3 27. fxe5 Nxd1 28. Rxd1 Be7 29. Bc1 Rf8 30. Bh6 Rfd8 31. e6 Rc7 32. Bf4 Rcc8 33. Be5+ Kg8 34. Rf1 Kf8 35. g4 Bxc5 36. bxc5 Rxc5 37. Bf6 Rd6 38. Re1 Rxa5 39. e7+ Ke8 40. Bf7+ Kxf7 41. e8Q+ Kxf6 42. Qe7# 1-0

[Event "Lueneburg op-A"]
[Site "Lueneburg"]
[Date "2019.08.04"]
[Round "2"]
[White "Kolbus, Dietmar"]
[Black "Probst, Alexander"]
[Result "1-0"]
[WhiteElo "2281"]
[BlackElo "1969"]
[PlyCount "71"]
[EventDate "2019.08.03"]
[EventType "swiss"]
[EventRounds "9"]
[EventCountry "GER"]
[SourceTitle "CBM 191 Extra"]
[Source "ChessBase"]
[SourceDate "2019.09.30"]
[SourceVersion "1"]
[SourceVersionDate "2019.09.30"]
[SourceQuality "1"]

1. c4 Nf6 2. g3 e6 3. Bg2 d5 4. b3 Be7 5. Bb2 0-0 6. Nf3 Nbd7 7. 0-0 b6 8. cxd5 exd5 9. Nd4 c5 10. Nc6 Qe8 11. Nxe7+ Qxe7 12. d4 Bb7 13. Nc3 Rfe8 14. Re1 Ne4 15. dxc5 Ndxc5 16. Nxd5 Bxd5 17. Qxd5 Rad8 18. Qc4 Rd2 19. Bd4 Nd6 20. Bxc5 bxc5 21. Qxc5 Rc8 22. Qa3 Rcc2 23. Bf3 Qc7 24. Qa4 h6 25. Red1 Rxa2 26. Qxa2 Rxa2 27. Rxa2 Nb5 28. Rad2 g6 29. Rd7 Qc2 30. R1d3 Nc3 31. Kg2 Nxe2 32. Rd2 Nf4+ 33. gxf4 Qxb3 34. Rxf7 Qb4 35. Rdd7 a5 36. Bd5 1-0

[Event "Prague Summer op-B 3rd"]
[Site "Prague"]
[Date "2016.08.07"]
[Round "3"]
[White "Ochirbat, Lkhagvajamts"]
[Black "Probst, Alexander"]
[Result "0-1"]
[WhiteElo "1680"]
[BlackElo "2016"]
[PlyCount "71"]
[EventDate "2016.08.05"]
[EventType "swiss"]
[EventRounds "9"]
[EventCountry "CZE"]
[SourceTitle "CBM 173 Extra"]
[Source "ChessBase"]
[SourceDate "2016.08.29"]
[SourceVersion "1"]
[SourceVersionDate "2016.08.29"]
[SourceQuality "1"]

1. d4 d5 2. Nf3 Nf6 3. g3 e6 4. Bg2 c5 5. 0-0 Nc6 6. c3 Bd6 7. Be3 Ng4 8. Bg5 Be7 9. Bxe7 Qxe7 10. e3 0-0 11. Nbd2 e5 12. dxc5 Qxc5 13. Nb3 Qd6 14. e4 Be6 15. Ng5 d4 16. Nxe6 Qxe6 17. cxd4 Nxd4 18. Nxd4 exd4 19. Qxd4 Rfd8 20. Qb4 Rab8 21. Bh3 Qg6 22. Bxg4 Qxg4 23. f3 Qg5 24. f4 Qg4 25. Kg2 Rbc8 26. Rf2 Qd7 27. Re1 h5 28. e5 b5 29. b3 Qd3 30. Qe4 Rc3 31. e6 Qxe4+ 32. Rxe4 Re8 33. f5 Rc5 34. h3 fxe6 35. fxe6 Re7 36. g4 0-1

[Event "Prague Summer op-B 3rd"]
[Site "Prague"]
[Date "2016.08.06"]
[Round "2"]
[White "Probst, Alexander"]
[Black "Karlsson, Henrik"]
[Result "1/2-1/2"]
[WhiteElo "2016"]
[BlackElo "1756"]
[PlyCount "60"]
[EventDate "2016.08.05"]
[EventType "swiss"]
[EventRounds "9"]
[EventCountry "CZE"]
[SourceTitle "CBM 173 Extra"]
[Source "ChessBase"]
[SourceDate "2016.08.29"]
[SourceVersion "1"]
[SourceVersionDate "2016.08.29"]
[SourceQuality "1"]

1. e4 e6 2. d4 d5 3. Nd2 Nf6 4. e5 Nfd7 5. Bd3 c5 6. c3 Nc6 7. Ne2 Be7 8. 0-0 0-0 9. f4 Qb6 10. Nf3 f6 11. Kh1 f5 12. b3 cxd4 13. Nexd4 Nxd4 14. Nxd4 Nb8 15. Be3 Bc5 16. b4 Bxd4 17. Bxd4 Qd8 18. Bc5 Rf7 19. Qb3 Nd7 20. Bd6 Nb6 21. Rac1 Bd7 22. Rfd1 Ba4 23. Qa3 Bxd1 24. Rxd1 Nc4 25. Bxc4 dxc4 26. Rd4 b5 27. Qb2 Rd7 28. a4 a6 29. a5 Rc8 30. Qd2 Rc6 1/2-1/2

[Event "Reykjavik op"]
[Site "Reykjavik"]
[Date "2016.03.11"]
[Round "5"]
[White "Probst, Alexander"]
[Black "Driscoll, Walter"]
[Result "1/2-1/2"]
[WhiteElo "2006"]
[BlackElo "1810"]
[PlyCount "126"]
[EventDate "2016.03.08"]
[EventType "swiss"]
[EventRounds "10"]
[EventCountry "ISL"]
[SourceTitle "CBM 171 Extra"]
[Source "ChessBase"]
[SourceDate "2016.04.26"]
[SourceVersion "1"]
[SourceVersionDate "2016.04.26"]
[SourceQuality "1"]

1. e4 e5 2. Nf3 Nc6 3. Nc3 Nf6 4. d4 exd4 5. Nxd4 Bb4 6. Nxc6 Bxc3+ 7. bxc3 dxc6 8. Bd3 Bg4 9. f3 Bh5 10. Ba3 Nd7 11. 0-0 c5 12. Qe1 0-0 13. f4 f6 14. Bb5 c6 15. Bc4+ Bf7 16. Qe2 b6 17. Rad1 Qc7 18. Qg4 Rad8 19. Bxf7+ Rxf7 20. Qe6 Nf8 21. Qc4 Rxd1 22. Rxd1 Qxf4 23. Bc1 Qc7 24. g3 Qe7 25. Bf4 Qe6 26. Qxe6 Nxe6 27. Be3 Kf8 28. Rd6 Ke7 29. Rd2 Rf8 30. Rd1 Rd8 31. Re1 Kf7 32. Kf2 Nc7 33. a4 Ne8 34. a5 Nd6 35. axb6 axb6 36. Bf4 Nc4 37. h4 h6 38. h5 Ne5 39. Ra1 Rd7 40. Ra6 Rb7 41. Ke2 Ke7 42. Ra8 Ke6 43. Re8+ Re7 44. Rb8 b5 45. Kd2 f5 46. Ke3 Ng4+ 47. Kf3 Ne5+ 48. Bxe5 Kxe5 49. exf5 Kxf5 50. Rc8 Re6 51. g4+ Kg5 52. Rc7 Kf6 53. Kf4 g5+ 54. hxg6 Kxg6 55. Rc8 c4 56. Rg8+ Kf7 57. Rc8 Kf6 58. Rc7 Kg6 59. Rc8 Rf6+ 60. Kg3 Kg5 61. Rg8+ Rg6 62. Re8 Rd6 63. Re5+ Kg6 1/2-1/2

[Event "Reykjavik op"]
[Site "Reykjavik"]
[Date "2016.03.09"]
[Round "3"]
[White "Probst, Alexander"]
[Black "Koop, Thorben"]
[Result "1/2-1/2"]
[WhiteElo "2006"]
[BlackElo "2416"]
[PlyCount "100"]
[EventDate "2016.03.08"]
[EventType "swiss"]
[EventRounds "10"]
[EventCountry "ISL"]
[SourceTitle "CBM 171 Extra"]
[Source "ChessBase"]
[SourceDate "2016.04.26"]
[SourceVersion "1"]
[SourceVersionDate "2016.04.26"]
[SourceQuality "1"]

1. e4 d6 2. d4 Nf6 3. Nc3 Nbd7 4. Be3 e5 5. Nf3 c6 6. a4 Be7 7. Be2 a5 8. 0-0 Ng4 9. Bc1 0-0 10. Ne1 Ngf6 11. Be3 Re8 12. Qd2 Bf8 13. f3 Qc7 14. Nd3 Nb8 15. Qe1 Na6 16. Qf2 Nb4 17. Rfc1 g6 18. dxe5 dxe5 19. Bc5 Bh6 20. Be3 Bg7 21. Bf1 Nd7 22. Nc5 Nxc5 23. Bxc5 Be6 24. Rd1 Bf8 25. Bb6 Qc8 26. Rd2 Na6 27. Rad1 Be7 28. Kh1 Nb8 29. Bc5 Bg5 30. Be3 Bxe3 31. Qxe3 Nd7 32. Nb1 Qc7 33. Na3 Qb6 34. Qc3 Nc5 35. b3 Qb4 36. Qxb4 axb4 37. Nc4 Bxc4 38. Bxc4 Kf8 39. Kg1 Ke7 40. Kf2 Ra5 41. Ke3 Rc8 42. g3 Rc7 43. f4 Ne6 44. Bxe6 exf4+ 45. Kxf4 fxe6 46. Rd8 g5+ 47. Ke3 Rc5 48. Rg8 Kf7 49. Rh8 Rc3+ 50. Rd3 Rxd3+ 1/2-1/2

[Event "Rheinland Pfalz op 7th"]
[Site "Frankenthal"]
[Date "2015.06.06"]
[Round "3"]
[White "Commercon, Simon"]
[Black "Probst, Alexander"]
[Result "1/2-1/2"]
[WhiteElo "2222"]
[BlackElo "1976"]
[PlyCount "119"]
[EventDate "2015.06.04"]
[EventType "swiss"]
[EventRounds "7"]
[EventCountry "GER"]
[SourceTitle "EXT 2017"]
[Source "ChessBase"]
[SourceDate "2016.10.25"]
[SourceVersion "1"]
[SourceVersionDate "2016.10.25"]
[SourceQuality "1"]

1. d4 d5 2. Nf3 Nf6 3. c4 e6 4. Nc3 Be7 5. g3 0-0 6. Bg2 dxc4 7. Ne5 c5 8. dxc5 Qxd1+ 9. Nxd1 Bxc5 10. 0-0 Nc6 11. Nxc6 bxc6 12. Bg5 Ba6 13. Rc1 h6 14. Be3 Bb6 15. Bxc6 Rac8 16. Bf3 Nd5 17. Bxb6 axb6 18. Nc3 Rfd8 19. Rfd1 Nxc3 20. bxc3 Kf8 21. Rb1 Rxd1+ 22. Rxd1 Ke7 23. Rb1 b5 24. Kf1 Rd8 25. Ke1 e5 26. Bc6 Kd6 27. Bxb5 Bxb5 28. Rxb5 Ra8 29. Rb2 Ra3 30. Kd2 f5 31. Rc2 Kd5 32. f3 g5 33. Kc1 g4 34. Kd2 h5 35. Ke3 Ra6 36. f4 Ra3 37. Rd2+ Ke6 38. fxe5 Kxe5 39. Rc2 Ra8 40. Rb2 Ra5 41. Rb4 Rxa2 42. Rxc4 Ra1 43. Rf4 Rc1 44. Kd2 Rh1 45. Rf2 Ke4 46. c4 Kd4 47. Rf4+ Ke5 48. c5 Rxh2 49. Rc4 h4 50. c6 hxg3 51. c7 Rh8 52. c8Q Rxc8 53. Rxc8 g2 54. Rc1 Kf4 55. e4 fxe4 56. Ke2 Kg3 57. Ke3 Kh2 58. Kxe4 g1Q 59. Rxg1 Kxg1 60. Kf4 1/2-1/2

[Event "Gibraltar Challengers-B 13th"]
[Site "Caleta"]
[Date "2015.02.03"]
[Round "4"]
[White "Hoffmann, Hendrik"]
[Black "Probst, Alexander"]
[Result "1-0"]
[WhiteElo "2206"]
[BlackElo "1948"]
[PlyCount "101"]
[EventDate "2015.01.31"]
[EventType "swiss"]
[EventRounds "5"]
[EventCountry "GGB"]
[SourceTitle "CBM 164 Extra"]
[Source "ChessBase"]
[SourceDate "2015.03.02"]
[SourceVersion "1"]
[SourceVersionDate "2015.03.02"]
[SourceQuality "1"]

1. e4 c5 2. Nf3 d6 3. d4 cxd4 4. Nxd4 Nf6 5. Nc3 a6 6. Bg5 e6 7. f4 b5 8. Qf3 Qc7 9. 0-0-0 Bb7 10. Qh3 Nc6 11. Bxf6 gxf6 12. Nxc6 Bxc6 13. Bd3 b4 14. Ne2 Qa5 15. Kb1 0-0-0 16. Nd4 Bb7 17. Nb3 Qb6 18. Qh5 Rd7 19. f5 d5 20. Rhe1 Bd6 21. exd5 Bxd5 22. Be4 Be5 23. Bxd5 exd5 24. Qf3 Rhd8 25. g3 a5 26. Qe3 d4 27. Qd3 Rc7 28. Nd2 Kb8 29. Nc4 Qc5 30. b3 a4 31. Re2 Rdc8 32. Rde1 a3 33. Re4 Rc6 34. R1e2 Qd5 35. Nxe5 Rc3 36. Qxd4 Qxd4 37. Rxd4 fxe5 38. Rxb4+ Kc7 39. Ra4 Rf3 40. Rxa3 Rxf5 41. Ra5 Re8 42. Kb2 Kb6 43. Rd5 Kc6 44. c4 f6 45. b4 Ra8 46. Red2 h5 47. Rd6+ Kc7 48. Rd7+ Kc8 49. Rd8+ Kb7 50. R2d7+ Kc6 51. b5+ 1-0

[Event "Rhein Main op-A 17th"]
[Site "Bad Homburg"]
[Date "2014.06.20"]
[Round "4"]
[White "Biegel, Thomas"]
[Black "Probst, Alexander"]
[Result "1-0"]
[WhiteElo "2064"]
[BlackElo "1925"]
[PlyCount "93"]
[EventDate "2014.06.18"]
[EventType "swiss"]
[EventRounds "7"]
[EventCountry "GER"]
[SourceTitle "CBM 161 Extra"]
[Source "ChessBase"]
[SourceDate "2014.08.29"]
[SourceVersion "1"]
[SourceVersionDate "2014.08.29"]
[SourceQuality "1"]

1. Nf3 c5 2. c4 Nf6 3. g3 Nc6 4. d4 cxd4 5. Nxd4 g6 6. Bg2 Bg7 7. 0-0 0-0 8. c5 Qa5 9. Nb3 Qc7 10. Nc3 a6 11. Bf4 Qd8 12. Qd2 b6 13. Bxc6 dxc6 14. Qxd8 Rxd8 15. cxb6 Nd5 16. Rfd1 e5 17. Bg5 f6 18. Be3 Bb7 19. Na5 Rab8 20. Bc5 Bf8 21. Na4 f5 22. Bxf8 Rxf8 23. Nc5 Rf7 24. Ncxb7 Rbxb7 25. Nxc6 Nxb6 26. Nd8 Na4 27. Nxf7 Kxf7 28. b3 Nc3 29. Rd2 a5 30. Rc2 Nb5 31. Rc5 Ke6 32. Rd1 Nd4 33. Kf1 a4 34. f4 axb3 35. Rxe5+ Kf6 36. axb3 Nxb3 37. Kf2 Rc7 38. Rd6+ Kf7 39. Rb6 Nd2 40. Rb4 Nc4 41. Reb5 Nd6 42. Rb6 Ne4+ 43. Rxe4 fxe4 44. Rb4 Ke6 45. Rxe4+ Kf5 46. Re5+ Kg4 47. Kg2 1-0

[Event "Dresden ZMD op"]
[Site "Dresden"]
[Date "2010.07.16"]
[Round "7"]
[White "Probst, Alexander"]
[Black "Richter, Sergio"]
[Result "1-0"]
[WhiteElo "2006"]
[BlackElo "2252"]
[PlyCount "69"]
[EventDate "2010.07.10"]
[EventType "swiss"]
[EventRounds "9"]
[EventCountry "GER"]
[SourceTitle "CBM 137 Extra"]
[Source "ChessBase"]
[SourceDate "2010.09.01"]
[SourceVersion "1"]
[SourceVersionDate "2010.09.01"]
[SourceQuality "1"]

1. e4 c5 2. Nf3 d6 3. Bb5+ Bd7 4. Bxd7+ Nxd7 5. 0-0 g6 6. c3 Ngf6 7. Qe2 Bg7 8. d4 cxd4 9. cxd4 0-0 10. e5 Ne8 11. e6 Ndf6 12. exf7+ Rxf7 13. Ng5 Nc7 14. Nxf7 Kxf7 15. Nc3 h6 16. Re1 Qd7 17. Bf4 a6 18. Qc4+ Kf8 19. Rac1 b5 20. Qd3 g5 21. Bg3 h5 22. h4 gxh4 23. Bxh4 Qg4 24. Bxf6 Bxf6 25. Ne4 Nd5 26. Nxf6 Nxf6 27. Re3 h4 28. Qe2 Qg7 29. Rc7 Re8 30. Qf3 Kg8 31. Rec3 Qf8 32. Qf4 Qg7 33. Qxh4 Kf7 34. Rg3 Qf8 35. Qg5 1-0

[Event "Stuttgart-chA int"]
[Site "Ditzingen"]
[Date "2010.05.15"]
[Round "5"]
[White "Probst, Alexander"]
[Black "Guenthner, Arthur"]
[Result "1/2-1/2"]
[WhiteElo "2024"]
[BlackElo "1897"]
[PlyCount "82"]
[EventDate "2010.05.13"]
[EventType "swiss"]
[EventRounds "7"]
[EventCountry "GER"]
[SourceTitle "EXT 2018"]
[Source "ChessBase"]
[SourceDate "2017.10.13"]
[SourceVersion "1"]
[SourceVersionDate "2017.10.13"]
[SourceQuality "1"]

1. Nf3 Nf6 2. c4 g6 3. g3 Bg7 4. Bg2 0-0 5. d4 d6 6. Nc3 Nbd7 7. 0-0 e5 8. Qc2 exd4 9. Nxd4 Ne5 10. Bg5 h6 11. Bxf6 Bxf6 12. Nd5 Bg7 13. Rad1 c6 14. Nf4 Qc7 15. b4 a6 16. a4 Bd7 17. Rd2 Rac8 18. Rfd1 Rfd8 19. Qb3 Kh7 20. Be4 Be8 21. h4 Kg8 22. Bb1 h5 23. Qc2 b5 24. axb5 axb5 25. cxb5 cxb5 26. Qe4 Bc6 27. Nxc6 Qxc6 28. Nd5 Qe8 29. Nb6 Rc6 30. Nd5 Rdc8 31. Ba2 Rc1 32. Nf4 Qc6 33. Qxc6 Rxd1+ 34. Rxd1 Rxc6 35. Kg2 Rc2 36. Bd5 Rb2 37. Bb7 Rxb4 38. Rxd6 Rb2 39. Bd5 Kf8 40. Rb6 b4 41. Rb7 Bh6 1/2-1/2

[Event "Stuttgart-chA int"]
[Site "Ditzingen"]
[Date "2009.05.24"]
[Round "7"]
[White "Schoembs, Oliver"]
[Black "Probst, Alexander"]
[Result "1/2-1/2"]
[WhiteElo "1808"]
[BlackElo "2048"]
[PlyCount "47"]
[EventDate "2009.05.21"]
[EventType "swiss"]
[EventRounds "7"]
[EventCountry "GER"]
[SourceTitle "EXT 2018"]
[Source "ChessBase"]
[SourceDate "2017.10.13"]
[SourceVersion "1"]
[SourceVersionDate "2017.10.13"]
[SourceQuality "1"]

1. d4 Nf6 2. c4 g6 3. Nc3 d5 4. cxd5 Nxd5 5. e4 Nxc3 6. bxc3 Bg7 7. Bc4 c5 8. Ne2 0-0 9. 0-0 Nd7 10. Be3 Nb6 11. Bd3 cxd4 12. cxd4 Be6 13. d5 Bg4 14. f3 Bxa1 15. Qxa1 Bd7 16. Bh6 f6 17. Bxf8 Kxf8 18. Nf4 Qc7 19. Qc1 Qe5 20. Nxg6+ hxg6 21. Qh6+ Kf7 22. Qh7+ Kf8 23. Qh8+ Kf7 24. Qh7+ 1/2-1/2

[Event "Boeblingen op 25th"]
[Site "Boeblingen"]
[Date "2008.12.27"]
[Round "3"]
[White "Ortmann, David"]
[Black "Probst, Alexander"]
[Result "1-0"]
[WhiteElo "2311"]
[BlackElo "2114"]
[PlyCount "25"]
[EventDate "2008.12.26"]
[EventType "swiss"]
[EventRounds "9"]
[EventCountry "GER"]
[SourceTitle "CBM 128 Extra"]
[Source "ChessBase"]
[SourceDate "2009.03.05"]
[SourceVersion "2"]
[SourceVersionDate "2009.03.25"]
[SourceQuality "1"]

1. Nf3 c5 2. c4 Nf6 3. Nc3 g6 4. e4 d6 5. d4 cxd4 6. Nxd4 Bg7 7. Be2 0-0 8. 0-0 Nc6 9. Be3 Ng4 10. Bxg4 Nxd4 11. Bxc8 Rxc8 12. Bxd4 Rxc4 13. Bxg7 1-0

[Event "Stuttgart-chA int"]
[Site "Ditzingen"]
[Date "2008.05.03"]
[Round "5"]
[White "Severin, Andreas"]
[Black "Probst, Alexander"]
[Result "1-0"]
[WhiteElo "1981"]
[BlackElo "2129"]
[PlyCount "131"]
[EventDate "2008.05.01"]
[EventType "swiss"]
[EventRounds "7"]
[EventCountry "GER"]
[SourceTitle "EXT 2018"]
[Source "ChessBase"]
[SourceDate "2017.10.13"]
[SourceVersion "1"]
[SourceVersionDate "2017.10.13"]
[SourceQuality "1"]

1. e4 c5 2. Nc3 Nc6 3. f4 g6 4. Nf3 Bg7 5. Be2 d6 6. 0-0 Nf6 7. d3 Bg4 8. h3 Bxf3 9. Bxf3 0-0 10. Qe1 Nd4 11. Bd1 b5 12. Ne2 Nd7 13. c3 Nc6 14. h4 h5 15. Ng3 Nf6 16. Bf3 Rc8 17. Qe2 Qd7 18. Be3 b4 19. Rad1 bxc3 20. bxc3 Ng4 21. Bxg4 Qxg4 22. Qxg4 hxg4 23. d4 cxd4 24. cxd4 Nb4 25. d5 a5 26. Bd4 Nxa2 27. Bxg7 Kxg7 28. Ra1 Rc2 29. Rf2 Rfc8 30. Rxa2 R2c3 31. Kh2 Rh8 32. h5 gxh5 33. Nf5+ Kf6 34. g3 h4 35. Kg2 hxg3 36. Nxg3 Rh3 37. e5+ Kg7 38. Nf5+ Kh7 39. Rxa5 dxe5 40. fxe5 e6 41. dxe6 fxe6 42. Ra7+ Kg6 43. Nd4 Rh2+ 44. Kxh2 g3+ 45. Kg2 gxf2 46. Kxf2 Rc5 47. Nf3 Kf5 48. Rd7 Rc3 49. Ke2 Ra3 50. Rc7 Ke4 51. Rc4+ Kf5 52. Kf2 Rd3 53. Kg3 Ra3 54. Rf4+ Kg6 55. Rf6+ Kg7 56. Rxe6 Kf7 57. Rd6 Ra4 58. Rd4 Ra5 59. Kf4 Ke7 60. Kf5 Ra3 61. Ke4 Ra1 62. Rb4 Ra7 63. Nd4 Rc7 64. Rb6 Rd7 65. Rh6 Kd8 66. Rh8+ 1-0